000 00716nam a22002417a 4500
003 UA-OsUOA
001 29122
007 ta
008 20050602b un ||||| |||| 00| 0 ukr d
100 _aТеплицький В. П.
090 _a94(477).052.1
_bТ34
942 _cBK
040 _aUA-OsUOA
_bukr
_cUA-OsUOA
_dUA-OsUOA
245 _aРеформа 1861 року і аграрні відносини на Україні (60-90-ті роки ХІХ ст.)
300 _a308 с.
955 _a0
041 _aukr
080 _a94(477).052.1
260 _aКиїв
_bВидавництво Академії наук української РСР
_c1959
044 _aUA
650 7 _2UDC
999 _c315503
_d315503